5HLuxD.jpg

KING HENRY VIII SENIOR AND PRIMARY SCHOOL LIBRARY OPAC

The Usborne illustrated dictionary of science / (Record no. 429)

000 -LEADER
fixed length control field 01250nam a22004091a 4500
001 - CONTROL NUMBER
control field 019339871
003 - CONTROL NUMBER IDENTIFIER
control field UkOxU
005 - DATE AND TIME OF LATEST TRANSACTION
control field 20190814135804.0
008 - FIXED-LENGTH DATA ELEMENTS--GENERAL INFORMATION
fixed length control field 111019s2012 enka j 001 0 eng|d
015 ## - NATIONAL BIBLIOGRAPHY NUMBER
National bibliography number GBB1C4246
Source bnb
016 7# - NATIONAL BIBLIOGRAPHIC AGENCY CONTROL NUMBER
Record control number 015955966
Source Uk
020 ## - INTERNATIONAL STANDARD BOOK NUMBER
International Standard Book Number 9781409539100 (pbk.) :
020 ## - INTERNATIONAL STANDARD BOOK NUMBER
International Standard Book Number 1409539105 (pbk.) :
035 ## - SYSTEM CONTROL NUMBER
System control number (Uk)015955966
040 ## - CATALOGING SOURCE
Original cataloging agency StDuBDS
Language of cataloging eng
Transcribing agency StDuBDS
Modifying agency Uk
042 ## - AUTHENTICATION CODE
Authentication code ukblsr
082 04 - DEWEY DECIMAL CLASSIFICATION NUMBER
Classification number 503 STO
Edition number 23
100 ## - MAIN ENTRY--PERSONAL NAME
Personal name Stockley, Corinne.
Relator term author
245 04 - TITLE STATEMENT
Title The Usborne illustrated dictionary of science /
Statement of responsibility, etc. Corinne Stockley
246 30 - VARYING FORM OF TITLE
Title proper/short title Illustrated dictionary of science
250 ## - EDITION STATEMENT
Edition statement [New ed].
260 ## - PUBLICATION, DISTRIBUTION, ETC.
Place of publication, distribution, etc. London :
Name of publisher, distributor, etc. Usborne,
Date of publication, distribution, etc. [2012].
300 ## - PHYSICAL DESCRIPTION
Extent 382 p. :
Other physical details col. ill. ;
Dimensions 24 cm.
336 ## - CONTENT TYPE
Content type term text
Source rdacontent
337 ## - MEDIA TYPE
Media type term unmediated
Source rdamedia
338 ## - CARRIER TYPE
Carrier type term volume
Source rdacarrier
500 ## - GENERAL NOTE
General note Previous ed.: published as by Corinne Stockley, Chris Oxlade and Jane Wertheim. 2007.
500 ## - GENERAL NOTE
General note Includes index.
500 ## - GENERAL NOTE
General note Formerly CIP.
Institution to which field applies Uk
521 2# - TARGET AUDIENCE NOTE
Target audience note Key Stage 3.
521 2# - TARGET AUDIENCE NOTE
Target audience note Key Stage 4.
650 #0 - SUBJECT ADDED ENTRY--TOPICAL TERM
Topical term or geographic name entry element Science
Form subdivision Encyclopedias, Juvenile.
700 1# - ADDED ENTRY--PERSONAL NAME
Personal name Oxlade, Chris
Relator term Author
700 1# - ADDED ENTRY--PERSONAL NAME
Personal name Wertheim, Jane
Relator term Author
942 ## - ADDED ENTRY ELEMENTS (KOHA)
Source of classification or shelving scheme
Koha item type Reference
Holdings
Withdrawn status Lost status Source of classification or shelving scheme Damaged status Not for loan Collection code Permanent Location Current Location Shelving location Date acquired Full call number Barcode Date last seen Price effective from Koha item type
          Reference KH8 Senior School Library KH8 Senior School Library Reference 2019-08-14 503 STO 3KHSL000100172 2019-08-14 2019-08-14 Reference
          Reference KH8 Senior School Library KH8 Senior School Library Reference 2025-02-05 503 STO 3KHSL000102185 2025-02-05 2025-02-05 Reference

Powered By KH8 IT Dept